000 01278nam a2200289 a 4500
001 000047867
003 OSt
005 20260519150033.0
007 ta
008 181001s2018 dr 000 spa d
020 _a9789945610130
040 _aDO-SdBNP
_bspa
_cBNPHU
082 _bD277r
100 1 _aDíaz Filpo, Rafael
_984919
245 1 3 _aLa reserva de ley en Iberoamérica /
_cRafael Díaz Filpo ;Yissel Casado, diagramación ; Enrique Read, diseño de portada.
260 _aSanto Domingo :
_bJUDEX ,
_c2018.
300 _a282 p. :
_bil. ;
_c25 cm.
500 _aIncluye referencias bibliográficas y notas al pie de las páginas
504 _aBibliografía : p. 221-226
505 0 _aEl concepto de la ley, evolución y tipos --
_tLa reserva de la ley --
_tLa reserva de la ley en la regulación de los derechos fundamentales --
_tLas leyes en Iberoamérica --
_tProcesos de reformación de las leyes en los países iberoamericanos --
_tLa reserva de la ley frente a la omisión legislativa.-
505 0 _aBibliografía.- anexo
590 _aInventariado, 2018/VM
700 0 1 _aCasado, Yissel,
_ediagramación
_943308
700 1 _aRead, Enrique
_ediseño de portada.
_977542
710 2 _aTribunal Cosntitucional de la República Dominicana
_975427
942 _2ddc
_cLBS1
999 _c47355
_d47355